International Business : (Record no. 6288)
[ view plain ]
| 000 -LEADER | |
|---|---|
| fixed length control field | 01421cac a22003131u 4500 |
| 090 ## - LOCALLY ASSIGNED LC-TYPE CALL NUMBER (OCLC); LOCAL CALL NUMBER (OCLC) | |
| -- | 6288 |
| 008 - FIXED-LENGTH DATA ELEMENTS--GENERAL INFORMATION | |
| fixed length control field | 090105t 1996xxu||||| |||| 00| 0 eng d |
| 010 ## - LIBRARY OF CONGRESS CONTROL NUMBER | |
| LC control number | 95018497 |
| 020 ## - INTERNATIONAL STANDARD BOOK NUMBER | |
| International Standard Book Number | 0256166013 |
| 020 ## - INTERNATIONAL STANDARD BOOK NUMBER | |
| International Standard Book Number | 0071149449 |
| 020 ## - INTERNATIONAL STANDARD BOOK NUMBER | |
| International Standard Book Number | 0256166064 (annotated instructor's ed.) |
| 082 00 - DEWEY DECIMAL CLASSIFICATION NUMBER | |
| Classification number | 658.049 |
| Item number | BAL |
| 100 ## - MAIN ENTRY--PERSONAL NAME | |
| Personal name | Ball, Donald A. |
| 245 10 - TITLE STATEMENT | |
| Title | International Business : |
| Remainder of title | The Challenge of Global Competition / |
| Statement of responsibility, etc | Donald A. Ball, Wendell H. McCulloch, Jr. |
| 250 ## - EDITION STATEMENT | |
| Edition statement | 6th ed. |
| 260 ## - PUBLICATION, DISTRIBUTION, ETC. (IMPRINT) | |
| Place of publication, distribution, etc | Chicago : |
| Name of publisher, distributor, etc | Irwin, |
| Date of publication, distribution, etc | c1996. |
| 260 ## - PUBLICATION, DISTRIBUTION, ETC. (IMPRINT) | |
| Name of publisher, distributor, etc | Distributer: Al-Ahram. |
| 300 ## - PHYSICAL DESCRIPTION | |
| Extent | xxv, 773 p. : |
| Other physical details | ill. (some col.), col. maps ; |
| Dimensions | 29 cm. |
| 500 ## - GENERAL NOTE | |
| General note | Colored map on endpapers. |
| 500 ## - GENERAL NOTE | |
| General note | One folded color map inserted. |
| 504 ## - BIBLIOGRAPHY, ETC. NOTE | |
| Bibliography, etc | Includes bibliographical references (p. 717-736) and indexes. |
| 650 #0 - SUBJECT ADDED ENTRY--TOPICAL TERM | |
| Topical term or geographic name as entry element | International business enterprises |
| General subdivision | Management. |
| 650 #0 - SUBJECT ADDED ENTRY--TOPICAL TERM | |
| Topical term or geographic name as entry element | International business enterprises. |
| 650 #0 - SUBJECT ADDED ENTRY--TOPICAL TERM | |
| Topical term or geographic name as entry element | International economic relations. |
| 700 1# - ADDED ENTRY--PERSONAL NAME | |
| Personal name | McCullogh, Wendell H. |
| 942 ## - ADDED ENTRY ELEMENTS (KOHA) | |
| Item type | Book - Borrowing |
| Call number prefix | 658.049BAL |
| Source of classification or shelving scheme | Dewey Decimal Classification |
| Withdrawn status | Item status | Source of classification or shelving scheme | Damaged status | Not for loan | Home library | Current library | Shelving location | Date acquired | Source of acquisition | Total Checkouts | Total Renewals | Full call number | Barcode | Date last seen | Date last borrowed | Koha item type | Vendor | Cost, normal purchase price | Serial Enumeration / chronology |
|---|---|---|---|---|---|---|---|---|---|---|---|---|---|---|---|---|---|---|---|
| Dewey Decimal Classification | Central Library | Central Library | First floor | 19/11/2007 | Purchase | 9 | 21 | 658.049 BAL | 000007835 | 15/07/2025 | 17/04/2011 | Book - Borrowing | |||||||
| Dewey Decimal Classification | Central Library | Central Library | First floor | 26/01/2009 | 4 | 2 | 658.049 BAL | 000015082 | 15/07/2025 | 05/04/2011 | Book - Borrowing | Alahram | 166.30 | 06388 |